[Event "Bundesliga 9798"]
[Site "Deutschland"]
[Date "1997.??.??"]
[Round "?.7"]
[White "Loeffler, Stefan"]
[Black "Michalczak, Thomas"]
[Result "1/2-1/2"]
[WhiteElo "2400"]
[BlackElo "2275"]
[PlyCount "81"]
[EventDate "1997.10.??"]
[EventType "team"]
[EventRounds "15"]
[EventCountry "GER"]
[SourceTitle "Bundesliga 9798"]
[Source "DeepChess"]
[SourceDate "2005.01.01"]
[SourceVersion "1"]
[SourceVersionDate "2005.01.01"]
[SourceQuality "1"]
[WhiteTeam "Hamburger SK 1830 e.V."]
[BlackTeam "SVG Plettenberg"]
[WhiteTeamCountry "GER"]
[BlackTeamCountry "GER"]

1. d4 Nf6 2. Nf3 g6 3. c4 Bg7 4. g3 d6 5. Bg2 O-O 6. O-O Nbd7 7. Qc2 e5 8. Rd1
Re8 9. b3 c6 10. Nc3 Qe7 11. e3 a6 12. Ba3 exd4 13. exd4 Nf8 14. Re1 Qc7 15.
Qd2 Bf5 16. Rac1 Rxe1+ 17. Rxe1 Re8 18. Rxe8 Nxe8 19. Ng5 Qa5 20. Bb2 Ne6 21.
Nxe6 Bxe6 22. a3 Qb6 23. d5 cxd5 24. cxd5 Bf5 25. b4 Qd4 26. Qc1 Qd3 27. h4 Bd4
28. Qd1 Bxc3 29. Qxd3 Bxd3 30. Bxc3 Kf8 31. f4 Nc7 32. Bd4 Bc4 33. a4 Bxd5 34.
Bb6 Bxg2 35. Bxc7 Bc6 36. Bxd6+ Ke8 37. a5 Kd7 38. Bc5 Ke6 39. Kf2 Kd5 40. Ke3
f5 41. Bf8 1/2-1/2

[Event "Bundesliga 9798"]
[Site "Deutschland"]
[Date "1997.??.??"]
[Round "?.8"]
[White "Schlecht, Daniel"]
[Black "Gustafsson, Jan"]
[Result "1/2-1/2"]
[WhiteElo "2270"]
[BlackElo "2375"]
[PlyCount "172"]
[EventDate "1997.10.??"]
[EventType "team"]
[EventRounds "15"]
[EventCountry "GER"]
[SourceTitle "Bundesliga 9798"]
[Source "DeepChess"]
[SourceDate "2005.01.01"]
[SourceVersion "1"]
[SourceVersionDate "2005.01.01"]
[SourceQuality "1"]
[WhiteTeam "SVG Plettenberg"]
[BlackTeam "Hamburger SK 1830 e.V."]
[WhiteTeamCountry "GER"]
[BlackTeamCountry "GER"]

1. d4 Nf6 2. c4 e6 3. Nf3 Bb4+ 4. Bd2 Qe7 5. g3 Nc6 6. Nc3 Bxc3 7. Bxc3 Ne4 8.
Qc2 Nxc3 9. Qxc3 O-O 10. Bg2 d6 11. d5 Nd8 12. O-O e5 13. Nd2 f5 14. f4 Nf7 15.
Rae1 e4 16. e3 Nh6 17. h3 Bd7 18. Nb3 Kh8 19. Nd4 Ng8 20. Rc1 Nf6 21. Rfd1 Qf7
22. b4 Rg8 23. Nb5 Bxb5 24. cxb5 Rac8 25. Qd4 b6 26. Rc3 Rce8 27. Kh2 Re7 28.
Ra3 Qg6 29. Rg1 Qh5 30. Bf1 h6 31. Qd2 Ra8 32. Qd4 Kh7 33. Rc3 Rg8 34. Rc2 Qf7
35. g4 Qxd5 36. Qxd5 Nxd5 37. Bc4 Nxe3 38. Bxg8+ Kxg8 39. Re2 Nd5 40. gxf5 Kf7
41. Rge1 e3 42. Kg3 Re4 43. Rc2 Rxb4 44. Rd1 e2 45. Re1 Kf6 46. Rcxe2 Nxf4 47.
Re8 Nh5+ 48. Kf3 Rf4+ 49. Kg2 Ra4 50. R1e7 Kxf5 51. Rf8+ Kg5 52. Rxc7 Nf4+ 53.
Kf3 Ne6 54. Rff7 Nxc7 55. Rxg7+ Kh4 56. Rxc7 Rxa2 57. Rd7 Kxh3 58. Rh7 Ra3+ 59.
Ke4 Ra5 60. Rxh6+ Kg2 61. Rh7 Kf2 62. Rd7 Ke2 63. Kd4 Rxb5 64. Rxa7 Rb1 65. Kc3
Ke3 66. Re7+ Kf4 67. Kc4 b5+ 68. Kc3 Rd1 69. Rb7 Rd5 70. Re7 Kf5 71. Rf7+ Ke6
72. Rb7 Rc5+ 73. Kd4 Rh5 74. Kd3 Rh3+ 75. Kc2 Rh5 76. Kd3 Rg5 77. Ke3 Re5+ 78.
Kd3 Rh5 79. Kc3 d5 80. Rb6+ Kd7 81. Kd4 b4 82. Rxb4 Rh4+ 83. Kc3 Rh3+ 84. Kd4
Kc6 85. Rb8 Rh4+ 86. Kd3 Rh5 1/2-1/2

[Event "Bundesliga 9798"]
[Site "Deutschland"]
[Date "1997.??.??"]
[Round "?.1"]
[White "Ftacnik, Lubomir"]
[Black "Womacka, Mathias"]
[Result "1/2-1/2"]
[WhiteElo "2585"]
[BlackElo "2475"]
[PlyCount "99"]
[EventDate "1997.10.??"]
[EventType "team"]
[EventRounds "15"]
[EventCountry "GER"]
[SourceTitle "Bundesliga 9798"]
[Source "DeepChess"]
[SourceDate "2005.01.01"]
[SourceVersion "1"]
[SourceVersionDate "2005.01.01"]
[SourceQuality "1"]
[WhiteTeam "Hamburger SK 1830 e.V."]
[BlackTeam "USG Chemnitz"]
[WhiteTeamCountry "GER"]
[BlackTeamCountry "GER"]

1. c4 c5 2. Nc3 Nf6 3. Nf3 e6 4. g3 b6 5. Bg2 Bb7 6. O-O Be7 7. Re1 d5 8. cxd5
Nxd5 9. e4 Nb4 10. d4 cxd4 11. Nxd4 N8c6 12. Nxc6 Qxd1 13. Rxd1 Bxc6 14. Bf4 g5
15. Bd6 Bxd6 16. Rxd6 Rd8 17. Rxd8+ Kxd8 18. a3 Na6 19. e5 Bxg2 20. Kxg2 Nc5
21. Nb5 a6 22. Nd6 Rf8 23. Rc1 f6 24. b4 Nd7 25. exf6 Nxf6 26. Rc8+ Ke7 27.
Rxf8 Kxf8 28. Kf3 h6 29. h3 Nd7 30. Ke4 Ke7 31. Nc4 Kf6 32. Ne3 h5 33. Nc4 b5
34. Nd2 Ne5 35. Kd4 Kf5 36. Ke3 g4 37. hxg4+ hxg4 38. Kd4 Nd7 39. Nf1 e5+ 40.
Kd3 Nf6 41. Nd2 Ke6 42. Ne4 Nd7 43. Ke3 Nb6 44. Nc5+ Kd5 45. Nxa6 Nc4+ 46. Kd3
Nxa3 47. Nc7+ Kd6 48. Ne8+ Ke7 49. Ng7 Kf6 50. Ne8+ 1/2-1/2

[Event "Bundesliga 9798"]
[Site "Deutschland"]
[Date "1997.??.??"]
[Round "?.2"]
[White "Roesch, Arnd"]
[Black "Wahls, Matthias"]
[Result "1/2-1/2"]
[WhiteElo "2350"]
[BlackElo "2595"]
[PlyCount "136"]
[EventDate "1997.10.??"]
[EventType "team"]
[EventRounds "15"]
[EventCountry "GER"]
[SourceTitle "Bundesliga 9798"]
[Source "DeepChess"]
[SourceDate "2005.01.01"]
[SourceVersion "1"]
[SourceVersionDate "2005.01.01"]
[SourceQuality "1"]
[WhiteTeam "USG Chemnitz"]
[BlackTeam "Hamburger SK 1830 e.V."]
[WhiteTeamCountry "GER"]
[BlackTeamCountry "GER"]

1. d4 Nf6 2. Nf3 e6 3. g3 b5 4. Bg2 Bb7 5. O-O c5 6. a4 b4 7. c3 bxc3 8. bxc3
Be7 9. Nbd2 O-O 10. Qb3 Qc7 11. Ba3 Nc6 12. Bxc5 Bxc5 13. dxc5 Na5 14. Qa3 Rfc8
15. Rfb1 a6 16. Nd4 Bxg2 17. Kxg2 Qxc5 18. Qxc5 Rxc5 19. N4b3 Nxb3 20. Rxb3 Kf8
21. c4 Ke7 22. Rb6 Ne8 23. Rd1 Ra7 24. Kf3 Nd6 25. Rc1 Ra5 26. c5 Nb7 27. c6
dxc6 28. Rcxc6 Nd8 29. Rc4 Rf5+ 30. Kg2 Rd5 31. Ne4 f5 32. Nc3 Rd6 33. Rxd6
Kxd6 34. e4 Nc6 35. exf5 exf5 36. Nd1 Rb7 37. Ne3 g6 38. g4 fxg4 39. Nxg4 Rb4
40. Rxb4 Nxb4 41. Nf6 h6 42. Ng4 h5 43. Ne3 Nd3 44. Kg3 Kc5 45. Kh4 Nxf2 46.
Kg5 Kb4 47. h4 Kxa4 48. Kxg6 Kb3 49. Nd5 Kc4 50. Nb6+ Kb5 51. Nd5 a5 52. Kxh5
Nd1 53. Nf4 a4 54. Ne2 a3 55. Nc1 Nb2 56. Kg6 Nd3 57. Na2 Kc4 58. h5 Nf4+ 59.
Kg5 Nxh5 60. Kxh5 Kb3 61. Nc1+ Kb2 62. Nd3+ Kc2 63. Nb4+ Kc3 64. Na2+ Kb2 65.
Nb4 Kb3 66. Nd3 a2 67. Nc1+ Kb2 68. Nxa2 Kxa2 1/2-1/2

[Event "Bundesliga 9798"]
[Site "Deutschland"]
[Date "1997.??.??"]
[Round "?.3"]
[White "Mueller, Karsten"]
[Black "Kunze, Carlo"]
[Result "1/2-1/2"]
[WhiteElo "2505"]
[BlackElo "2340"]
[PlyCount "36"]
[EventDate "1997.10.??"]
[EventType "team"]
[EventRounds "15"]
[EventCountry "GER"]
[SourceTitle "Bundesliga 9798"]
[Source "DeepChess"]
[SourceDate "2005.01.01"]
[SourceVersion "1"]
[SourceVersionDate "2005.01.01"]
[SourceQuality "1"]
[WhiteTeam "Hamburger SK 1830 e.V."]
[BlackTeam "USG Chemnitz"]
[WhiteTeamCountry "GER"]
[BlackTeamCountry "GER"]

1. e4 e5 2. Nf3 Nc6 3. Nc3 Nf6 4. d4 exd4 5. Nxd4 Bb4 6. Nxc6 bxc6 7. Bd3 O-O
8. O-O Re8 9. Qf3 h6 10. Bf4 Bxc3 11. bxc3 d6 12. Rfe1 Ng4 13. Qg3 Qf6 14. Be2
Ne5 15. Be3 c5 16. f3 Rb8 17. Reb1 Bd7 18. Qe1 Ba4 1/2-1/2

[Event "Bundesliga 9798"]
[Site "Deutschland"]
[Date "1997.??.??"]
[Round "?.4"]
[White "Lorenz, Gerd"]
[Black "Heinemann, Thies"]
[Result "0-1"]
[WhiteElo "2305"]
[BlackElo "2450"]
[PlyCount "80"]
[EventDate "1997.10.??"]
[EventType "team"]
[EventRounds "15"]
[EventCountry "GER"]
[SourceTitle "Bundesliga 9798"]
[Source "DeepChess"]
[SourceDate "2005.01.01"]
[SourceVersion "1"]
[SourceVersionDate "2005.01.01"]
[SourceQuality "1"]
[WhiteTeam "USG Chemnitz"]
[BlackTeam "Hamburger SK 1830 e.V."]
[WhiteTeamCountry "GER"]
[BlackTeamCountry "GER"]

1. d4 Nf6 2. Bg5 c5 3. Bxf6 gxf6 4. dxc5 Na6 5. Nc3 Nxc5 6. e4 Qa5 7. Qd4 Bg7
8. Bc4 Ne6 9. Qd3 f5 10. Bxe6 fxe6 11. Nge2 fxe4 12. Qxe4 Qf5 13. Qa4 O-O 14.
O-O a6 15. Rad1 b5 16. Qb3 d6 17. Nd4 Qf7 18. f4 Bd7 19. Ne4 e5 20. Qxf7+ Rxf7
21. fxe5 Rxf1+ 22. Rxf1 Bxe5 23. c3 Rf8 24. Nf3 Bg7 25. Re1 h6 26. Nf2 Kf7 27.
Nd3 a5 28. Nd2 e5 29. a4 bxa4 30. Nc4 Ke7 31. Nxa5 Ra8 32. Nc4 Be6 33. Na3 Rb8
34. Nb4 Kd7 35. Nac2 Bf6 36. Ne3 Bd8 37. Kf2 Ba5 38. Nd3 e4 39. Nf4 Rxb2+ 40.
Kg3 Bxc3 0-1

[Event "Bundesliga 9798"]
[Site "Deutschland"]
[Date "1997.??.??"]
[Round "?.5"]
[White "Wilhelmi, Christian"]
[Black "Kyas, Juergen"]
[Result "1-0"]
[WhiteElo "2405"]
[BlackElo "2265"]
[PlyCount "89"]
[EventDate "1997.10.??"]
[EventType "team"]
[EventRounds "15"]
[EventCountry "GER"]
[SourceTitle "Bundesliga 9798"]
[Source "DeepChess"]
[SourceDate "2005.01.01"]
[SourceVersion "1"]
[SourceVersionDate "2005.01.01"]
[SourceQuality "1"]
[WhiteTeam "Hamburger SK 1830 e.V."]
[BlackTeam "USG Chemnitz"]
[WhiteTeamCountry "GER"]
[BlackTeamCountry "GER"]

1. e4 c5 2. Nf3 d6 3. d4 cxd4 4. Nxd4 Nf6 5. Nc3 e6 6. Bc4 Be7 7. Be3 a6 8. Bb3
Nc6 9. Qe2 Na5 10. O-O-O Nxb3+ 11. cxb3 Qc7 12. Kb1 b5 13. f3 Nd7 14. Rc1 Qb7
15. Rc2 b4 16. Na4 Nc5 17. Rhc1 Bd7 18. Qd2 Bxa4 19. bxa4 O-O 20. Nb3 Rfd8 21.
Rc4 Rab8 22. Bxc5 dxc5 23. Qc2 Qc7 24. g3 h6 25. Nxc5 Qa7 26. Nb3 Qe3 27. f4
Bf8 28. e5 Rd5 29. Re4 Qa7 30. Qe2 Rbd8 31. Rec4 Qd7 32. Rc6 a5 33. Qa6 g6 34.
Nxa5 Rd2 35. Nb3 Rxh2 36. Qc4 Rg2 37. a5 Rxg3 38. a6 Rf3 39. Rc7 Qa4 40. a7 h5
41. Qe4 Rf2 42. Qb7 Rxf4 43. Rc8 Rxc8 44. Rxc8 Rf1+ 45. Rc1 1-0

[Event "Bundesliga 9798"]
[Site "Deutschland"]
[Date "1997.??.??"]
[Round "?.6"]
[White "Ahner, Andreas"]
[Black "Loeffler, Stefan"]
[Result "1/2-1/2"]
[WhiteElo "2250"]
[BlackElo "2400"]
[PlyCount "35"]
[EventDate "1997.10.??"]
[EventType "team"]
[EventRounds "15"]
[EventCountry "GER"]
[SourceTitle "Bundesliga 9798"]
[Source "DeepChess"]
[SourceDate "2005.01.01"]
[SourceVersion "1"]
[SourceVersionDate "2005.01.01"]
[SourceQuality "1"]
[WhiteTeam "USG Chemnitz"]
[BlackTeam "Hamburger SK 1830 e.V."]
[WhiteTeamCountry "GER"]
[BlackTeamCountry "GER"]

1. d4 d5 2. c4 e6 3. Nf3 dxc4 4. Nc3 a6 5. a4 Nf6 6. e3 c5 7. Bxc4 Nc6 8. O-O
Qc7 9. Qe2 Bd6 10. Bd3 b6 11. Bd2 Bb7 12. Rac1 O-O 13. Ne4 Nxe4 14. Bxe4 Qe7
15. dxc5 Bxc5 16. Bc3 Rfd8 17. Rfd1 h6 18. h3 1/2-1/2

[Event "Bundesliga 9798"]
[Site "Deutschland"]
[Date "1997.??.??"]
[Round "?.7"]
[White "Sievers, Stefan"]
[Black "Helbig, Jan"]
[Result "1/2-1/2"]
[WhiteElo "2365"]
[BlackElo "2180"]
[PlyCount "48"]
[EventDate "1997.10.??"]
[EventType "team"]
[EventRounds "15"]
[EventCountry "GER"]
[SourceTitle "Bundesliga 9798"]
[Source "DeepChess"]
[SourceDate "2005.01.01"]
[SourceVersion "1"]
[SourceVersionDate "2005.01.01"]
[SourceQuality "1"]
[WhiteTeam "Hamburger SK 1830 e.V."]
[BlackTeam "USG Chemnitz"]
[WhiteTeamCountry "GER"]
[BlackTeamCountry "GER"]

1. e4 e6 2. d4 d5 3. Nc3 Nf6 4. Bg5 Be7 5. e5 Nfd7 6. Bxe7 Qxe7 7. f4 O-O 8.
Nf3 c5 9. dxc5 Nc6 10. Bd3 f5 11. O-O Nxc5 12. Ne2 Bd7 13. a3 Be8 14. b4 Nxd3
15. cxd3 Bh5 16. Qd2 Bxf3 17. Rxf3 a5 18. Rb1 axb4 19. axb4 Ra4 20. b5 Nd4 21.
Nxd4 Qc5 22. Qe3 Qxd4 23. Qxd4 Rxd4 24. Rc1 Rb4 1/2-1/2

[Event "Bundesliga 9798"]
[Site "Deutschland"]
[Date "1997.??.??"]
[Round "?.8"]
[White "Sobeck, Guenter"]
[Black "Gustafsson, Jan"]
[Result "0-1"]
[WhiteElo "2120"]
[BlackElo "2375"]
[PlyCount "144"]
[EventDate "1997.10.??"]
[EventType "team"]
[EventRounds "15"]
[EventCountry "GER"]
[SourceTitle "Bundesliga 9798"]
[Source "DeepChess"]
[SourceDate "2005.01.01"]
[SourceVersion "1"]
[SourceVersionDate "2005.01.01"]
[SourceQuality "1"]
[WhiteTeam "USG Chemnitz"]
[BlackTeam "Hamburger SK 1830 e.V."]
[WhiteTeamCountry "GER"]
[BlackTeamCountry "GER"]

1. b4 e6 2. a3 b6 3. Bb2 Nf6 4. e3 Be7 5. Nf3 O-O 6. Be2 c5 7. b5 d5 8. O-O
Nbd7 9. c4 Bb7 10. cxd5 exd5 11. d4 Re8 12. Nc3 Bd6 13. h3 Rc8 14. Bd3 Qe7 15.
a4 Ne4 16. Ne2 c4 17. Bxe4 dxe4 18. Nd2 Nf6 19. Nc3 Bb8 20. Re1 Qd6 21. Nf1 h5
22. Qe2 Qe6 23. Rec1 Qf5 24. Nb1 Bd5 25. Nbd2 Qe6 26. Rc2 Re7 27. Rac1 Rec7 28.
Nb1 c3 29. Rxc3 Bc4 30. Qd1 Nd5 31. Ra3 Bd3 32. Rxc7 Rxc7 33. Nc3 Nxc3 34. Rxc3
Rxc3 35. Bxc3 Qc4 36. Bd2 Bd6 37. g3 g6 38. Nh2 Bc2 39. Qc1 Qxa4 40. d5 Qb3 41.
Kg2 Qb1 42. f3 Qxc1 43. Bxc1 Bd3 44. fxe4 Bxe4+ 45. Nf3 Bxd5 46. Kf2 f5 47. Bb2
Bc4 48. Nd4 Kf7 49. Bc3 Bd3 50. Bb2 Be5 51. Bc3 Kf6 52. Kf3 Bf1 53. h4 Bd3 54.
Kf2 Kf7 55. Kf3 Ke8 56. Bb4 Kd7 57. Ba3 Bxd4 58. exd4 Ke6 59. Ke3 Bxb5 60. Kd2
Bf1 61. Kc3 a5 62. Bc1 Kd5 63. Bf4 Bg2 64. Bc7 Kc6 65. Bd8 Bd5 66. Kb2 Kb5 67.
Ka3 Ka6 68. Be7 b5 69. Bf8 b4+ 70. Kb2 Kb5 71. Be7 a4 72. Bd6 a3+ 0-1

[Event "Bundesliga 9798"]
[Site "Deutschland"]
[Date "1998.??.??"]
[Round "?.1"]
[White "Hracek, Zbynek"]
[Black "Eingorn, Vereslav S"]
[Result "1-0"]
[WhiteElo "2605"]
[BlackElo "2590"]
[PlyCount "76"]
[EventDate "1997.10.??"]
[EventType "team"]
[EventRounds "15"]
[EventCountry "GER"]
[SourceTitle "Bundesliga 9798"]
[Source "DeepChess"]
[SourceDate "2005.01.01"]
[SourceVersion "1"]
[SourceVersionDate "2005.01.01"]
[SourceQuality "1"]
[WhiteTeam "SAbt SV Werder Bremen"]
[BlackTeam "PSV Turm Duisburg 1920 e.V."]
[WhiteTeamCountry "GER"]
[BlackTeamCountry "GER"]

1. Nf3 Nf6 2. d4 e6 3. c4 b6 4. g3 Ba6 5. Qb3 Bb7 6. Bg2 Qc8 7. O-O c5 8. Bg5
cxd4 9. Bxf6 gxf6 10. Nxd4 Bxg2 11. Kxg2 Nc6 12. Rd1 Be7 13. Nf3 Na5 14. Qd3 d6
15. Nbd2 O-O 16. Rac1 Rd8 17. Qe3 Rd7 18. g4 Kh8 19. Qf4 Qg8 20. Kh1 Rad8 21.
Ne4 Qg6 22. b3 Nc6 23. Rg1 Ne5 24. Rg3 Nxf3 25. Rxf3 Kg7 26. Ng3 Kh8 27. e4 Rg8
28. h3 Qg5 29. Qxg5 Rxg5 30. Rd1 Re5 31. Rfd3 Rc5 32. Kg2 Rdc7 33. a4 a6 34.
Ra1 Kg7 35. Rf3 Re5 36. Rd3 Rec5 37. Rf3 Re5 38. Rd3 Rec5 1-0

[Event "Bundesliga 9798"]
[Site "Deutschland"]
[Date "1998.??.??"]
[Round "?.2"]
[White "Lerner, Konstantin Z"]
[Black "Kindermann, Stefan"]
[Result "1/2-1/2"]
[WhiteElo "2560"]
[BlackElo "2570"]
[PlyCount "132"]
[EventDate "1997.10.??"]
[EventType "team"]
[EventRounds "15"]
[EventCountry "GER"]
[SourceTitle "Bundesliga 9798"]
[Source "DeepChess"]
[SourceDate "2005.01.01"]
[SourceVersion "1"]
[SourceVersionDate "2005.01.01"]
[SourceQuality "1"]
[WhiteTeam "PSV Turm Duisburg 1920 e.V."]
[BlackTeam "SAbt SV Werder Bremen"]
[WhiteTeamCountry "GER"]
[BlackTeamCountry "GER"]

1. d4 f5 2. g3 Nf6 3. Bg2 g6 4. Nf3 Bg7 5. O-O O-O 6. b4 d6 7. Bb2 c6 8. c4 Kh8
9. Nbd2 Be6 10. Qc2 Nbd7 11. a4 a6 12. Ng5 Bg8 13. e4 fxe4 14. Ngxe4 Nxe4 15.
Nxe4 d5 16. cxd5 Bxd5 17. Rfe1 Nf6 18. Nc5 Bxg2 19. Kxg2 Qd5+ 20. f3 Nd7 21.
Ra3 Nxc5 22. dxc5 Rae8 23. Rd3 Qf5 24. Bxg7+ Kxg7 25. Qc3+ Kg8 26. Re5 Qc8 27.
Qc4+ Kg7 28. Qd4 Kg8 29. Qd7 Rf7 30. Qxc8 Rxc8 31. Rd7 e6 32. Rd6 a5 33. Rdxe6
axb4 34. Re8+ Rxe8 35. Rxe8+ Rf8 36. Re4 b3 37. Rb4 Ra8 38. f4 b2 39. Rxb2 Rxa4
40. Rxb7 Rc4 41. Kf3 Rxc5 42. Ke4 h5 43. Rd7 Kf8 44. Kd4 Rf5 45. Rd6 Kg7 46.
Rxc6 h4 47. Ke4 hxg3 48. hxg3 Ra5 49. g4 Kf7 50. Rc7+ Kf8 51. Rd7 Rb5 52. Rd5
Rb4+ 53. Ke5 Ke7 54. Rc5 Rb7 55. Ra5 Kf7 56. Ra6 Re7+ 57. Kd5 Rd7+ 58. Rd6 Ra7
59. Rc6 Rd7+ 60. Ke4 Ra7 61. Rd6 Rb7 62. Rd8 Ra7 63. Ke5 Ra5+ 64. Rd5 Ra7 65.
Rc5 Re7+ 66. Kd5 Rd7+ 1/2-1/2

[Event "Bundesliga 9798"]
[Site "Deutschland"]
[Date "1998.??.??"]
[Round "?.3"]
[White "Knaak, Rainer"]
[Black "Enders, Peter"]
[Result "0-1"]
[WhiteElo "2555"]
[BlackElo "2535"]
[PlyCount "120"]
[EventDate "1997.10.??"]
[EventType "team"]
[EventRounds "15"]
[EventCountry "GER"]
[SourceTitle "Bundesliga 9798"]
[Source "DeepChess"]
[SourceDate "2005.01.01"]
[SourceVersion "1"]
[SourceVersionDate "2005.01.01"]
[SourceQuality "1"]
[WhiteTeam "SAbt SV Werder Bremen"]
[BlackTeam "PSV Turm Duisburg 1920 e.V."]
[WhiteTeamCountry "GER"]
[BlackTeamCountry "GER"]

1. d4 Nf6 2. Bg5 e6 3. e4 h6 4. Bxf6 Qxf6 5. Nc3 Bb4 6. Qd2 d6 7. a3 Ba5 8.
Nge2 c6 9. b4 Bc7 10. a4 O-O 11. a5 e5 12. d5 Nd7 13. Ng3 Qg5 14. Qxg5 hxg5 15.
dxc6 bxc6 16. b5 Nb8 17. Be2 g6 18. O-O Be6 19. Rfd1 Rd8 20. Nf1 cxb5 21. Nxb5
Na6 22. Nxc7 Nxc7 23. Rab1 Ne8 24. Ne3 Nf6 25. f3 g4 26. Rb7 gxf3 27. Bxf3 Kf8
28. h3 Ke8 29. c4 Rd7 30. Rxd7 Kxd7 31. c5 Kc6 32. cxd6 Rd8 33. g4 Rxd6 34.
Rc1+ Kb5 35. g5 Nh5 36. Nd5 Nf4 37. Rb1+ Ka4 38. Ra1+ Kb3 39. Nxf4 exf4 40. h4
Rd2 41. Bg2 Kb4 42. a6 Kc5 43. Ra5+ Kb6 44. Ra1 Ba2 45. Rf1 Kxa6 46. Rxf4 Kb5
47. Bf1+ Kc5 48. Ba6 Be6 49. Rf1 Kb6 50. Ra1 Rd4 51. h5 gxh5 52. Be2 Rxe4 53.
Rb1+ Kc7 54. Bf3 Rf4 55. Kg2 a5 56. Rb7+ Kc8 57. Rb5 a4 58. Ra5 h4 59. Bd1 Bd7
60. Bc2 Kb7 0-1

[Event "Bundesliga 9798"]
[Site "Deutschland"]
[Date "1998.??.??"]
[Round "?.4"]
[White "Kraut, Rainer"]
[Black "Babula, Vlastimil"]
[Result "1/2-1/2"]
[WhiteElo "2470"]
[BlackElo "2545"]
[PlyCount "33"]
[EventDate "1997.10.??"]
[EventType "team"]
[EventRounds "15"]
[EventCountry "GER"]
[SourceTitle "Bundesliga 9798"]
[Source "DeepChess"]
[SourceDate "2005.01.01"]
[SourceVersion "1"]
[SourceVersionDate "2005.01.01"]
[SourceQuality "1"]
[WhiteTeam "PSV Turm Duisburg 1920 e.V."]
[BlackTeam "SAbt SV Werder Bremen"]
[WhiteTeamCountry "GER"]
[BlackTeamCountry "GER"]

1. e4 c5 2. Nf3 Nc6 3. Bb5 d6 4. O-O Bd7 5. c3 Nf6 6. Re1 a6 7. Bxc6 Bxc6 8. d4
cxd4 9. cxd4 Bxe4 10. Bg5 Bxf3 11. Qxf3 Qa5 12. Nc3 Qxg5 13. Qxb7 Rd8 14. Qc6+
Rd7 15. Qc8+ Rd8 16. Qc6+ Rd7 17. Qc8+ 1/2-1/2

[Event "Bundesliga 9798"]
[Site "Deutschland"]
[Date "1998.??.??"]
[Round "?.5"]
[White "Meins, Gerlef"]
[Black "Thesing, Matthias"]
[Result "1-0"]
[WhiteElo "2460"]
[BlackElo "2440"]
[PlyCount "103"]
[EventDate "1997.10.??"]
[EventType "team"]
[EventRounds "15"]
[EventCountry "GER"]
[SourceTitle "Bundesliga 9798"]
[Source "DeepChess"]
[SourceDate "2005.01.01"]
[SourceVersion "1"]
[SourceVersionDate "2005.01.01"]
[SourceQuality "1"]
[WhiteTeam "SAbt SV Werder Bremen"]
[BlackTeam "PSV Turm Duisburg 1920 e.V."]
[WhiteTeamCountry "GER"]
[BlackTeamCountry "GER"]

1. d4 e6 2. Nf3 b6 3. e4 Bb7 4. Bd3 c5 5. O-O cxd4 6. Nxd4 a6 7. a4 Qc7 8. Qe2
d6 9. c4 Nf6 10. Nc3 g6 11. Be3 Bg7 12. Rfc1 O-O 13. Nb3 Nbd7 14. a5 Rab8 15.
axb6 Nxb6 16. f3 Nbd7 17. Na5 Ba8 18. Qd2 Nc5 19. Bf1 Rfd8 20. b4 Ncd7 21. Nd5
exd5 22. cxd5 Nc5 23. bxc5 dxc5 24. Rxc5 Qe5 25. Rac1 Nxe4 26. fxe4 Qxe4 27.
Nc6 Bxc6 28. Rxc6 Rxd5 29. Rc8+ Bf8 30. Qe1 Rd8 31. Rxd8 Rxd8 32. Bb6 Qxe1 33.
Rxe1 Rb8 34. Bd4 Rd8 35. Bf6 Rd6 36. Be7 Bxe7 37. Rxe7 Rd1 38. Ra7 Ra1 39. Rxa6
Rxa6 40. Bxa6 f5 41. Kf2 Kg7 42. h4 Kf6 43. Ke3 Ke5 44. Bc4 h6 45. Bd3 Kf6 46.
h5 g5 47. Kd4 Ke6 48. Ba6 Kf6 49. Bc8 g4 50. g3 Kg5 51. Ke5 Kxh5 52. Kf4 1-0

[Event "Bundesliga 9798"]
[Site "Deutschland"]
[Date "1998.??.??"]
[Round "?.6"]
[White "Pirrot, Dieter"]
[Black "Heissler, Jakob"]
[Result "1-0"]
[WhiteElo "2410"]
[BlackElo "2435"]
[PlyCount "115"]
[EventDate "1997.10.??"]
[EventType "team"]
[EventRounds "15"]
[EventCountry "GER"]
[SourceTitle "Bundesliga 9798"]
[Source "DeepChess"]
[SourceDate "2005.01.01"]
[SourceVersion "1"]
[SourceVersionDate "2005.01.01"]
[SourceQuality "1"]
[WhiteTeam "PSV Turm Duisburg 1920 e.V."]
[BlackTeam "SAbt SV Werder Bremen"]
[WhiteTeamCountry "GER"]
[BlackTeamCountry "GER"]

1. e4 c5 2. c3 d5 3. exd5 Qxd5 4. d4 Nf6 5. Nf3 Bg4 6. Qa4+ Bd7 7. Qb3 cxd4 8.
Bc4 Qe4+ 9. Kf1 e6 10. cxd4 Bc6 11. Nc3 Qg6 12. Bb5 Nbd7 13. d5 exd5 14. Bg5
Bc5 15. Re1+ Kf8 16. Bxf6 gxf6 17. Nxd5 Rg8 18. Nf4 Qf5 19. Bxc6 bxc6 20. g3
Bb6 21. Re2 Rd8 22. Nh4 Qb5 23. Qc2 Bc7 24. Qe4 Bxf4 25. a4 Qd5 26. Qxd5 cxd5
27. gxf4 Rg4 28. Ng2 Rc8 29. f3 Rg6 30. Kf2 Rc4 31. Rd1 d4 32. b3 Rb4 33. Re4
Rxb3 34. Rexd4 Rb2+ 35. R1d2 Rxd2+ 36. Rxd2 Ke7 37. Rd5 Rg8 38. Ra5 Ra8 39. Rh5
Rb8 40. Ra5 Rb7 41. Ne3 Kd6 42. Ra6+ Kc5 43. h4 Nb6 44. h5 f5 45. Nxf5 Kb4 46.
a5 Kb5 47. Rxb6+ axb6 48. Nd6+ Kc6 49. Nxb7 Kxb7 50. axb6 Kxb6 51. Ke3 Kc6 52.
Ke4 Kd6 53. Kf5 Ke7 54. Kg5 Kf8 55. Kf6 Kg8 56. Ke7 Kg7 57. f5 f6 58. Ke6 1-0

[Event "Bundesliga 9798"]
[Site "Deutschland"]
[Date "1998.??.??"]
[Round "?.7"]
[White "Floegel, Ulrich"]
[Black "Zude, Arno"]
[Result "1/2-1/2"]
[WhiteElo "2365"]
[BlackElo "2395"]
[PlyCount "94"]
[EventDate "1997.10.??"]
[EventType "team"]
[EventRounds "15"]
[EventCountry "GER"]
[SourceTitle "Bundesliga 9798"]
[Source "DeepChess"]
[SourceDate "2005.01.01"]
[SourceVersion "1"]
[SourceVersionDate "2005.01.01"]
[SourceQuality "1"]
[WhiteTeam "SAbt SV Werder Bremen"]
[BlackTeam "PSV Turm Duisburg 1920 e.V."]
[WhiteTeamCountry "GER"]
[BlackTeamCountry "GER"]

1. e4 e6 2. d3 c5 3. Nf3 Nc6 4. g3 g6 5. Bg2 Bg7 6. O-O Nge7 7. Re1 d6 8. c3 e5
9. Be3 O-O 10. Qd2 Re8 11. Na3 b6 12. d4 exd4 13. cxd4 Bg4 14. d5 Bxf3 15. Bxf3
Ne5 16. Bg2 f5 17. Bg5 Qd7 18. Rac1 fxe4 19. Bxe7 Nf3+ 20. Bxf3 exf3 21. Qe3
Bxb2 22. Rc4 Bxa3 23. Re4 Bb4 24. Rd1 Bc3 25. Re6 Be5 26. Qg5 Rxe7 27. Qxe7
Qxe7 28. Rxe7 c4 29. Rc7 b5 30. Rb1 a6 31. Kf1 c3 32. Rb4 Re8 33. Re4 Rb8 34.
Ke1 b4 35. Kd1 a5 36. Ra7 Rb5 37. Rc4 Rxd5+ 38. Kc2 Rc5 39. Rxc5 dxc5 40. Rxa5
Bd4 41. Ra6 g5 42. g4 Kg7 43. Rd6 h6 44. Rd5 Bxf2 45. Rf5 Bg1 46. h3 f2 47. Rf3
Kg6 1/2-1/2